Sociální souvislosti aktivního stáří

Saved in:
Bibliographic Details
Main Author Igor, Tomeš
Other Authors Šámalová Kateřina
Format Electronic eBook
LanguageCzech
Published Karolinum 2026
Edition1. elektronické vydání
Subjects
Online AccessDostupné v BOOKPORT po přihlášení pomocí eduID
ISBN978-80-246-6366-1
978-80-246-6360-9
Physical Description1 online zdroj (256 stran)

Cover

LEADER 00000nam a2200000 i 4500
001 bkp524355309
003 CZ-prgp
005 20260413161533.0
006 m o d
007 cr cn
008 260413s2026 xr o 000 0 cze
020 |a 978-80-246-6366-1  |c 240 Kč  |q (online ; pdf) 
020 |a 978-80-246-6360-9  |c 340 Kč  |q (print) 
040 |a Grada  |b cze  |e rda 
100 1 |a Igor, Tomeš 
245 1 0 |a Sociální souvislosti aktivního stáří  |c Tomeš Igor, Šámalová Kateřina 
250 |a 1. elektronické vydání 
264 1 |b Karolinum  |c 2026 
300 |a 1 online zdroj (256 stran) 
336 |a text  |b txt  |2 rdacontent 
337 |a počítač  |b c  |2 rdamedia 
338 |a online zdroj  |b cr  |2 rdacarrier 
520 3 |a Kolektivní monografie je výsledkem výzkumné práce autorského týmu Katedry sociální práce Filozofické fakulty UK. Reaguje na všeobecné přesvědčení, že kvalitu života seniorů pozitivně ovlivňuje aktivita ve stáří. Zkoumá, zda a jak současná sociální politika vlády, občanská společnost a aktuální systémy sociálních služeb aktivity a samostatnost stárnoucí populace skutečně podporují. Autoři na základě analýz dospěli k řadě kritických závěrů a předkládají i návrhy ke zlepšení. Současně upozorňují, že sociální služby a sociální práce budou muset v 21. století řešit nové sociální výzvy, vyvolané nejen demografickými jevy, ale také digitalizací, globalizací či novodobým stěhováním národů. Varují, že na to naše sociální systémy nejsou připravené. 
650 0 4 |a Gerontologie 
700 1 |a Šámalová Kateřina 
856 4 0 |u https://www.bookport.cz/AccountSaml/SignIn/?idp=https://shibboleth.utb.cz/idp/shibboleth&returnUrl=/kniha/socialni-souvislosti-aktivniho-stari-15980/  |y Dostupné v BOOKPORT po přihlášení pomocí eduID